LIBRARY & INFORMATION CENTRE, KCAET, TAVANUR

ONLINE PUBLIC ACCESS CATALOGUE (OPAC)

Hindi bhasha aur sahitya ka parichayatmak itihas (Record no. 17752)

MARC details
000 -LEADER
fixed length control field 00373nam a22001457a 4500
003 - CONTROL NUMBER IDENTIFIER
control field OSt
008 - FIXED-LENGTH DATA ELEMENTS--GENERAL INFORMATION
fixed length control field 231026b |||||||| |||| 00| 0 eng d
041 ## - LANGUAGE CODE
Language code of text/sound track or separate title hin
082 ## - DEWEY DECIMAL CLASSIFICATION NUMBER
Classification number 891.54
Item number PRA/HI
100 ## - MAIN ENTRY--AUTHOR NAME
Personal name Tandon, Premnarayan
245 ## - TITLE STATEMENT
Title Hindi bhasha aur sahitya ka parichayatmak itihas
260 ## - PUBLICATION, DISTRIBUTION, ETC. (IMPRINT)
Place of publication Lucknow
Name of publisher Hindi Sahitya-Bandar
Year of publication 1862
300 ## - PHYSICAL DESCRIPTION
Number of Pages 310
942 ## - ADDED ENTRY ELEMENTS (KOHA)
Koha item type Books
Holdings
Withdrawn status Lost status Damaged status Home library Current library Date acquired Full call number Accession Number Koha item type
Withdrawn     KAUAET Sanskrit University 26/10/2023 891.54 PRA/HI 11492 Books
free website counter